| 000 | 01229nam a22003134a 4500 | ||
|---|---|---|---|
| 001 | ebr10017997 | ||
| 003 | CaPaEBR | ||
| 006 | m u | ||
| 007 | cr cn||||||||| | ||
| 008 | 000104s2000 ctu sb 001 0 eng | ||
| 010 | _z 00021050 | ||
| 020 | _z9780313000324 | ||
| 020 | _z031331005X (alk. paper) | ||
| 040 |
_aCaPaEBR _cCaPaEBR |
||
| 035 | _a(OCoLC)55002847 | ||
| 050 | 1 | 4 |
_aHB71 _b.O26 2000eb |
| 082 | 0 | 4 |
_a330 _221 |
| 100 | 1 |
_aO'Connor, David E. _q(David Edward) |
|
| 245 | 1 | 0 |
_aBasic economic principles _h[electronic resource] : _ba guide for students / _cDavid E. O'Connor and Christopher Faille. |
| 260 |
_aWestport, Conn. : _bGreenwood Press, _c2000. |
||
| 300 | _aviii, 255 p. | ||
| 504 | _aIncludes bibliographical references (p. [239]-241) and index. | ||
| 533 |
_aElectronic reproduction. _bPalo Alto, Calif. : _cebrary, _d2013. _nAvailable via World Wide Web. _nAccess may be limited to ebrary affiliated libraries. |
||
| 650 | 0 | _aEconomics. | |
| 655 | 7 |
_aElectronic books. _2local |
|
| 700 | 1 |
_aFaille, Christopher C., _d1958- |
|
| 710 | 2 | _aebrary, Inc. | |
| 856 | 4 | 0 |
_uhttp://site.ebrary.com/lib/rucke/Doc?id=10017997 _zAn electronic book accessible through the World Wide Web; click to view |
| 999 |
_c12419 _d12419 |
||